5-Letter Boy Names by Decade Quiz Stats

 Plays Quiz Updated Oct 14, 2015

Challenge
Share
Tweet
Embed
Score 0/130 Timer 08:00
2 Plays Today
% Correct
James
85.1%
James
85.1%
James
85.1%
James
85.1%
James
85.1%
James
85.1%
James
85.1%
James
85.1%
James
85.1%
James
85.1%
James
85.1%
James
85.1%
James
85.1%
David
83.6%
David
83.6%
David
83.6%
David
83.6%
David
83.6%
David
83.6%
David
83.6%
David
83.6%
David
83.6%
David
83.6%
David
83.6%
David
83.6%
David
83.6%
Peter
77.5%
Peter
77.5%
Frank
73.8%
Harry
73.8%
Frank
73.8%
Harry
73.8%
Frank
73.8%
Harry
73.8%
Frank
73.8%
Harry
73.8%
Frank
73.8%
Harry
73.8%
Frank
73.8%
Harry
73.8%
Frank
73.8%
Frank
73.8%
Henry
69.1%
Henry
69.1%
% Correct
Henry
69.1%
Henry
69.1%
Henry
69.1%
Henry
69.1%
Henry
69.1%
Brian
67.2%
Brian
67.2%
Brian
67.2%
Brian
67.2%
Brian
67.2%
Kevin
66.3%
Kevin
66.3%
Kevin
66.3%
Kevin
66.3%
Kevin
66.3%
Kevin
66.3%
Jacob
64%
Jacob
64%
Jacob
64%
Larry
61.1%
Larry
61.1%
Larry
61.1%
Larry
61.1%
Jason
59.5%
Jason
59.5%
Jason
59.5%
Billy
56.6%
Billy
56.6%
Aaron
53.9%
Aaron
53.9%
Aaron
53.9%
Jerry
52.7%
Jerry
52.7%
Jerry
52.7%
Jerry
52.7%
Ethan
52.6%
Bobby
50.8%
Bryan
50.6%
Keith
45.9%
Keith
45.9%
Louis
45.7%
Louis
45.7%
Louis
45.7%
Louis
45.7%
% Correct
Louis
45.7%
Scott
45.1%
Scott
45.1%
Scott
45.1%
Shawn
44.7%
Tyler
43.5%
Tyler
43.5%
Tyler
43.5%
Terry
43%
Terry
43%
Terry
43%
Oscar
37.7%
Oscar
37.7%
Roger
37.5%
Bruce
36.7%
Bruce
36.7%
Dylan
35.2%
Dylan
35.2%
Jesse
34.6%
Jesse
34.6%
Jesse
34.6%
Jesse
34.6%
Jesse
34.6%
Wayne
33.8%
Ralph
33.8%
Ralph
33.8%
Ralph
33.8%
Ralph
33.8%
Ralph
33.8%
Caleb
32.5%
Edwin
32.1%
Edwin
32.1%
Randy
31.3%
Randy
31.3%
Logan
30.1%
Floyd
20.2%
Leroy
20.2%
Elmer
19.4%
Elmer
19.4%
Elmer
19.4%
Elmer
19.4%
Angel
18.4%

You're not logged in!

Compare scores with friends on all Sporcle quizzes.
OR
Log In

You Might Also Like...

Show Comments

Extras

Top Quizzes Today


Score Distribution

Your Account Isn't Verified!

In order to create a playlist on Sporcle, you need to verify the email address you used during registration. Go to your Sporcle Settings to finish the process.

Report this User

Report this user for behavior that violates our Community Guidelines.

Details: